LEADER 01344nam a2200217 4500 001 000000336114 003 CaOOAMICUS 005 20230831110449.0 008 190822s1833 it 000 u ita r 040 $aSeMil$bita 100 11$aBalbi, Adriano,$d<1782-1848>.$0(OLS)http://semarc/name/21030 245 00$aBilancia politica del globo, ossia Quadro geografico statistico della terra conforme alle ultime politiche transazioni e pių recenti scoperte preceduto da un esame ragionato sulle grandi divisioni della terra ... seguito da un saggio sulla statistica dell'Impero austriaco ... /$cdi Adriano Balbi. 264 1$aPadova :$bPresso Antonio Zambeccari,$c1833. 300 $aXXXIV, 359 p. ;$c23 cm 650 4$aGeografia.$0(OLS)http://semarc/subject/2034 850 $aSeMil 852 $aSeMil$W1$xVenegono$y1$m4Y III 36 FA$j243293$B227941$CSeMilBibl$Z2$F227941 $8I 941 1 $a10 996 $6245$aBilancia politica del globo, ossia Quadro geografico statistico della terra conforme alle ultime politiche transazioni e pių recenti scoperte preceduto da un esame ragionato sulle grandi divisioni della terra ... seguito da un saggio sulla statistica dell'Impero austriaco ...$9(OLS)http://semarc/title/425402 996 $6264$aPadova :$bPresso Antonio Zambeccari$9(OLS)http://semarc/publisher/56654 LEADER 01939nam a2200265 i 4500 001 000000193992 003 CaOOAMICUS 005 20101102000000.0 008 101102s1799 it u000 u ita u 013 $a172637 026 $adila s.on i.ta DATO (3) 1799 (Q) 040 $aSeMil$bita 245 10$aCarlo Luigi Buronzo del Signore de' conti di Buronzo, Balocco, e Bastia per grazia di Dio, e della S. Sede apostolica arcivescovo di Torino ... al venerabile clero, ed amatissimo popolo della citta e diocesi salute, pace, e benedizione nel Signore. 260 $a([Torino] :$bper gli Eredi Avondo impressori arcivescovili),$c1799. 300 $a14 p. [2] p. ;$c4°. 500 $aStemma dell'arcivescovo xilogr. sul r. della prima c. - Data del documento : 20 giugno 1799. - Incipit del documento : Quello stesso torrente di corruzione, e disordine ... - L'ultima c. č bianca. 650 4$aTorino (Diocesi) - Lettere pastorali - Sec. 18.-19.$0(OLS)http://semarc/subject/3767 650 4$aBuronzo del Signore, Carlo Luigi - Scritti, discorsi, omelie, lettere pastorali, ecc.$0(OLS)http://semarc/subject/36434 700 1 $aBuronzo del Signore, Carlo Luigi <1731-1806>.$0(OLS)http://semarc/name/13932 700 1 $aAvondo, Giacomo Giuseppe eredi,$c.$0(OLS)http://semarc/name/7195 773 0 $aArcidiocesi di Torino$t[Lettere pastorali.$d[S.l. : s.n.], 1769-1804.$w()23908 850 $aSeMil 852 $aSeMil$W1$xVenegono$y1$m2F V 28/25 FA$j144566$B144566$CSeMilBibl$Z2$F155857 $8I 996 $6245$aCarlo Luigi Buronzo del Signore de' conti di Buronzo, Balocco, e Bastia per grazia di Dio, e della S. Sede apostolica arcivescovo di Torino ... al venerabile clero, ed amatissimo popolo della citta e diocesi salute, pace, e benedizione nel Signore$9(OLS)http://semarc/title/279648 996 $6260$a([Torino] :$bper gli Eredi Avondo impressori arcivescovili)$9(OLS)http://semarc/publisher/50531